Thermodynamics and heat power

Αποθηκεύτηκε σε:
Λεπτομέρειες βιβλιογραφικής εγγραφής
Κύριος συγγραφέας: Rolle, Kurt C.
Μορφή: Βιβλίο
Γλώσσα:English
Δημοσίευση: New York : Macmillan , c1994
Έκδοση:4th ed.
Σειρά:Merrill's international series in engineering technology
Θέματα:
Ετικέτες: Προσθήκη ετικέτας
Δεν υπάρχουν, Καταχωρήστε ετικέτα πρώτοι!

MARC

LEADER 00000pam a2200000 i 4500
001 1/93900
008 940907s1994 eng d
020 |a 0-02-403201-8 
035 |l 10009007 
040 |a GR-MY-UA  |b gre  |e aacr 
041 0 |a eng 
082 0 |a 621.4021 
100 1 |a Rolle, Kurt C. 
245 1 0 |a Thermodynamics and heat power /  |c Kurt C. Rolle 
250 |a 4th ed. 
260 |a New York :   |b Macmillan ,   |c c1994 
300 |a ποικίλα σελιδαρίθμηση;  |b εικ.;  |c 25 εκ. 
490 1 |a Merrill's international series in engineering technology 
504 |a Περιέχει βιβλιογραφικές παραπομπές και ευρετήριο 
650 0 0 |a Thermodynamics. 
650 0 0 |a Heat engineering. 
830 0 |a Merrill's international series in engineering technology 
852 |a INST  |b LESVOS  |e 19940907  |h 621.4021 ROL  |p 005100009512  |q 005100009512  |t BK  |y 0 
909 |a Λ  |b 035707 
950 |a 090-1994-04-12